| 000 | 01616nam a22004217a 4500 | ||
|---|---|---|---|
| 003 | CHAP | ||
| 005 | 20220817044247.0 | ||
| 008 | 090331s2008 mx r 00010 spa d | ||
| 010 | _a95957 | ||
| 011 | _a96929 | ||
| 035 | _a107586 | ||
| 040 | _cCHAP | ||
| 090 | _aTesis | ||
| 100 | 1 |
_aBedolla Alvarado, Silvia Suraya _911235 |
|
| 245 | 1 | 0 |
_aDeterminación de especies de Trichogramma Westwood (Hymenoptera: Trichogrammatidae) _c/por Silvia Suraya Bedolla Alvarado |
| 260 |
_aChapingo, Méx. : _bEl autor, _c2008 |
||
| 300 |
_aiv, 43 h. : _bilus., cuadros |
||
| 502 | _aTesis (Ing. Agr. Esp. en Parasitología Agrícola) -- UACH. Departamento de Parasitología Agrícola | ||
| 530 | _aTambién disponible en línea | ||
| 590 |
_aALEPH _b10 _c20130110 _lUCH01 _h1528 |
||
| 590 |
_aBATCH-UPD _b10 _c20130110 _lUCH01 _h0123 |
||
| 590 |
_aBATCH-UPD _b10 _c20130110 _lUCH01 _h0736 |
||
| 590 |
_aBATCH-UPD _b10 _c20130410 _lUCH01 _h0534 |
||
| 590 |
_aBATCH-UPD _b10 _c20130914 _lUCH01 _h0554 |
||
| 590 |
_aBATCH-UPD _b10 _c20140324 _lUCH01 _h1510 |
||
| 590 |
_aBATCH-UPD _b10 _c20141002 _lUCH01 _h0839 |
||
| 590 |
_aBATCH _b00 _c20181121 _lUCH01 _h0759 |
||
| 590 |
_aCONVERSION _b10 _c20130109 _lUCH01 _h1353 |
||
| 650 | 1 | 4 |
_aControl biológico de plagas. _927587 |
| 650 | 1 | 4 | _aHymenoptera. |
| 650 | 1 | 4 |
_aTrichogramma. _9114927 |
| 856 |
_3Finding aid _uhttp://10.13.5.2/tesis/107586.pdf _zTeclea aqui |
||
| 856 |
_a1 _n0000881 |
||
| 901 | _aBK | ||
| 942 | _cFOLL | ||
| 949 |
_aTesis _bBC _cTES _d33724002087231 _eTS2 _fc.2 _gDonaciØn _h49048 _i107586 _si |
||
| 949 |
_aTesis _bBC _cTES _d33724002089561 _eTS1 _gDonaciØn _h49047 _i107586 _sb |
||
| 999 |
_c95957 _d95957 |
||